000 01399pam a2200409 a 4500
001 2010
003 FISKH
005 20231027150402.0
008 050927r20062004enka j 000 1 eng
015 _aGBA585929
_2bnb
016 7 _a013310664
_2Uk
020 _a9780744570496 (pbk.) :
020 _a0744570492 (pbk.) :
040 _aStDuBDS
_beng
_cStDuBDS
_dUk
042 _aukblsr
050 _aPZ7.M335835
082 0 4 _a813.6
_222
100 _aRey, Margret
245 0 0 _aCurious George and the fire-fighters /
_cMargret & H.A. Rey's
260 _aLondon :
_bWalker Books,
_c2006.
300 _a24 pages :
_bcolor illustrations ;
_c21 cm
336 _atext
_2rdacontent
337 _aunmediated
_2rdamedia
338 _avolume
_2rdacarrier
505 _aJ
520 _aWhile on a field trip to a fire station with Mrs. Gray's class, Curious George goes off on his own and is soon at the scene of a fire, where he finds a way to be helpful.
521 8 _a490
_bLexile AD
521 8 _aJ
_bRaz-Plus
650 0 _aCurious George (Fictitious character)
_vJuvenile fiction.
650 0 _aMonkeys
_vJuvenile fiction.
650 0 _aFire fighters
_vJuvenile fiction.
650 0 _aChildren's stories, American.
700 1 _aRey, Margret.
_eAuthor
700 1 _aRey, H. A.
_q(Hans Augusto),
_d1898-1977.
700 1 _aHines, Anna Grossnickle.
_eAuthor
942 _2ddc
_cBK
_n0
999 _c2010
_d2010